Manual of transportation engineering studies
-д хадгалсан:
| Үндсэн зохиолч: | |
|---|---|
| Формат: | Ном |
| Хэл сонгох: | англи |
| Хэвлэсэн: |
Englewood Cliffs
Prentice-Hall
1994
|
| Нөхцлүүд: | |
| Шошгууд: |
Шошго нэмэх
Шошго байхгүй, Энэхүү баримтыг шошголох эхний хүн болох!
|
MARC
| LEADER | 00000nam a2200000 a 4500 | ||
|---|---|---|---|
| 001 | UCY4024 | ||
| 003 | CL-VaPUC | ||
| 008 | 950126e19940000US |||||||||||||||||eng|d | ||
| 082 | 0 | 4 | |a 629.04 |b ROB |2 21 |
| 100 | 0 | |a Robertson, H. Douglas |e author |9 332438 | |
| 245 | 1 | 0 | |a Manual of transportation engineering studies |
| 300 | |a 514 p | ||
| 942 | |c BK | ||
| 945 | |d 19950126 00:00:00 |a mfernand | ||
| 260 | |a Englewood Cliffs |b Prentice-Hall |c 1994 | ||
| 650 | 0 | |a Ingeniería de transporte |9 260427 | |
| 650 | 0 | |a Ingeniería del tránsito |9 260428 | |
| 583 | |a last modification |c 20120822 12:08:21 |k Rodrigo Vera | ||
| 999 | |c 232013 |d 232011 | ||
| 952 | |0 0 |1 0 |4 0 |6 629_040000000000000_ROB_1994 |7 0 |8 A |9 235960 |a BIBING |b BIBING |d 2019-11-15 |i 3060888 |o 629.04 ROB 1994 |p 3060888 |r 2025-01-20 |w 2019-11-15 |y BK |k TRA | ||
| 952 | |0 0 |1 0 |4 0 |6 629_040000000000000_ROB_1994 |7 0 |8 A |9 235961 |a BIBING |b BIBING |d 2019-11-15 |i 3114120 |o 629.04 ROB 1994 |p 3114120 |r 2025-01-20 |w 2019-11-15 |y BK |k TRA | ||
| 952 | |0 0 |1 0 |4 0 |6 629_040000000000000_ROB_1994 |7 0 |8 A |9 235963 |a BIBING |b BIBING |d 2019-11-15 |i 3285855 |o 629.04 ROB 1994 |p 3285855 |r 2025-01-20 |w 2019-11-15 |y BK |k TRA | ||